| 000 | 00642nam a22002177a 4500 | ||
|---|---|---|---|
| 003 | IT-MiCISF | ||
| 005 | 20230719112839.0 | ||
| 008 | 230719b |||||||| |||| 00| 0 eng d | ||
| 040 | _cIT-MiCISF | ||
| 100 |
_aVilla Grazia (et al.) _960165 |
||
| 245 | _aIl ruolo femminile ieri e oggi nei processi di pace | ||
| 250 | _a"Vita pastorale", n.5, maggio | ||
| 260 | _c2023 | ||
| 300 | _app. I-XIII | ||
| 310 | _amensile | ||
| 500 | _adonna, società , violenza, filosofia, teologia, esperienze | ||
| 650 | _aDonna | ||
| 654 | _adossier | ||
| 700 |
_aDanani C., Virgili R., Casi P., Xausa E., Martirani G. _960166 |
||
| 942 |
_2ddc _cCR |
||
| 999 |
_c359768 _d359768 |
||